[Event "FIDE World Blitz-ch Women 2018"]
[Site "St. Petersburg"]
[Date "2018.12.29"]
[Round "9.42"]
[White "Yurasova, Daria"]
[Black "Savina, Anastasia"]
[Result "1-0"]
[WhiteElo "2190"]
[BlackElo "2334"]
[Annotator "NA"]
[PlyCount "54"]
[EventDate "2018.12.19"]
[EventType "swiss"]
[EventCountry "RUS"]
[SourceTitle "playchess.com"]
[Source "ChessBase"]
[SourceQuality "1"]

1. d4 Nf6 2. Nf3 g6 3. g3 Bg7 4. Bg2 O-O 5. O-O d6 6. c4 Nc6 7. b3 e5 8. dxe5 dxe5 9. Bb2 e4 10. Qxd8 Rxd8 11. Ng5 Bg4 12. e3 Nb4 13. Na3 Nd3 14. Bc3 Be2 15. Rfb1 Nc5 16. Nb5 c6 17. Nd4 Bd3 18. Rd1 h6 19. Nh3 a5 20. Nf4 a4 21. b4 Na6 22. Nxd3 exd3 23. Rxd3 c5 24. bxc5 Nxc5 25. Rdd1 Nfe4 26. Bb4 b6 27. Bxc5 bxc5 1-0

[Event "FIDE World Blitz-ch Women 2018"]
[Site "St. Petersburg"]
[Date "2018.12.29"]
[Round "9.43"]
[White "Vasilevich, Irina"]
[Black "Kabanova, Ekaterina"]
[Result "0-1"]
[WhiteElo "2258"]
[BlackElo "2095"]
[Annotator "NA"]
[PlyCount "116"]
[EventDate "2018.12.19"]
[EventType "swiss"]
[EventCountry "RUS"]
[SourceTitle "playchess.com"]
[Source "ChessBase"]
[SourceQuality "1"]

1. c4 c5 2. Nc3 e6 3. e4 a6 4. g3 Qc7 5. Bg2 b6 6. Nge2 Bb7 7. O-O d6 8. d3 Nd7 9. a3 Ngf6 10. b4 Be7 11. Rb1 Rb8 12. Bb2 O-O 13. Qd2 Rfe8 14. Rbc1 h6 15. h3 Nh7 16. Kh2 Rbc8 17. f4 Qb8 18. b5 a5 19. f5 Bg5 20. Qc2 Bxc1 21. Qxc1 Ne5 22. Qe3 Qc7 23. Nf4 Qe7 24. fxe6 fxe6 25. Nce2 Qg5 26. Kh1 h5 27. h4 Qh6 28. Bf3 Nf6 29. Bxe5 dxe5 30. Ng2 Qg6 31. Kh2 Rcd8 32. Nc1 Re7 33. Qg5 Qf7 34. Qxe5 Ng4+ 35. Bxg4 Qxf1 36. Bxe6+ Kf8 37. Qg5 Rd6 38. Bf5 g6 39. Qh6+ Rg7 40. Bh3 Rf6 41. Nf4 Qf2+ 42. Bg2 Kf7 43. Qh8 Rxf4 44. gxf4 Qxf4+ 45. Kh3 Qxc1 46. Qb8 Ke6 47. Qe8+ Re7 48. Qxg6+ Kd7 49. Qf5+ Kc7 50. Kh2 Qh6 51. Qf2 Qd6+ 52. Kh1 Rg7 53. Qe3 Qf6 54. Kg1 Qxh4 55. Qh6 Qg4 56. Qd2 h4 57. Kf1 h3 58. Ke1 hxg2 0-1

[Event "FIDE World Blitz-ch Women 2018"]
[Site "St. Petersburg"]
[Date "2018.12.29"]
[Round "9.44"]
[White "Bezgodova, Svetlana"]
[Black "Badelka, Olga"]
[Result "0-1"]
[WhiteElo "2046"]
[BlackElo "2385"]
[Annotator "NA"]
[PlyCount "78"]
[EventDate "2018.12.19"]
[EventType "swiss"]
[EventCountry "RUS"]
[SourceTitle "playchess.com"]
[Source "ChessBase"]
[SourceQuality "1"]

1. Nf3 c5 2. c3 Nf6 3. d3 d5 4. Nbd2 Nc6 5. e4 Bg4 6. Be2 e6 7. O-O Be7 8. Re1 O-O 9. Qc2 Rc8 10. Nf1 b5 11. Ng3 c4 12. dxc4 dxc4 13. h3 Bxf3 14. Bxf3 Ne5 15. Be2 Qb6 16. Be3 Bc5 17. Bf1 Rfd8 18. a4 a6 19. axb5 axb5 20. Bxc5 Qxc5 21. Ra5 Nd3 22. Rea1 h5 23. Qe2 h4 24. Nh1 Qg5 25. Qf3 Ne5 26. Qe2 Rd2 27. Qe3 Qxe3 28. fxe3 Rxb2 29. Nf2 Rb3 30. Rc1 Rd8 31. Rd1 Rxd1 32. Nxd1 Nxe4 33. Be2 Nd3 34. Bxd3 cxd3 35. Kh2 Rb1 36. Ra8+ Kh7 37. Rf8 Rxd1 38. Rxf7 d2 39. Rd7 Rc1 0-1

[Event "FIDE World Blitz-ch Women 2018"]
[Site "St. Petersburg"]
[Date "2018.12.29"]
[Round "9.45"]
[White "Assaubayeva, Bibisara"]
[Black "Goltseva, Ekaterina"]
[Result "1-0"]
[WhiteElo "2372"]
[BlackElo "2153"]
[Annotator "NA"]
[PlyCount "79"]
[EventDate "2018.12.19"]
[EventType "swiss"]
[EventCountry "RUS"]
[SourceTitle "playchess.com"]
[Source "ChessBase"]
[SourceQuality "1"]

1. d4 d5 2. c4 dxc4 3. Nf3 a6 4. e3 Bg4 5. Bxc4 e6 6. h3 Bh5 7. O-O Nf6 8. Nc3 Nc6 9. Be2 Bd6 10. b3 O-O 11. Bb2 Qe8 12. Nd2 Bxe2 13. Qxe2 e5 14. d5 Nb8 15. Nc4 Nbd7 16. e4 Qe7 17. Rac1 Rfd8 18. Ne3 g6 19. Nc4 Re8 20. Qf3 Nh5 21. Ne2 Rf8 22. Nxd6 Qxd6 23. Qc3 Rac8 24. f4 f6 25. f5 g5 26. Qa5 Qb6+ 27. Qxb6 cxb6 28. Ba3 Rfe8 29. Nc3 Kf7 30. d6 b5 31. Nd5 Ng3 32. Rxc8 Rxc8 33. Re1 Rc2 34. Re3 Ne2+ 35. Kf1 Nd4 36. Rd3 Rxa2 37. Bb4 Rb2 38. Rc3 Nc6 39. Ba3 a5 40. Bxb2 1-0

[Event "FIDE World Blitz-ch Women 2018"]
[Site "St. Petersburg"]
[Date "2018.12.29"]
[Round "9.46"]
[White "Sirotkina, Nina"]
[Black "Guseva, Marina"]
[Result "1-0"]
[WhiteElo "2188"]
[BlackElo "2408"]
[Annotator "NA"]
[PlyCount "63"]
[EventDate "2018.12.19"]
[EventType "swiss"]
[EventCountry "RUS"]
[SourceTitle "playchess.com"]
[Source "ChessBase"]
[SourceQuality "1"]

1. d4 d5 2. Bf4 c5 3. e3 Nc6 4. c3 Nf6 5. Nf3 cxd4 6. exd4 Bf5 7. Qb3 Qc8 8. Nbd2 e6 9. h3 Be7 10. Be2 O-O 11. O-O h6 12. Rac1 Ne4 13. Nxe4 Bxe4 14. Ne5 Nxe5 15. Bxe5 a6 16. a4 Qd7 17. c4 dxc4 18. Bxc4 Rac8 19. Qg3 f6 20. Bf4 Kh8 21. Qe3 Bd5 22. Bxd5 exd5 23. Bxh6 Bd6 24. Bf4 Rfe8 25. Qg3 Bxf4 26. Qxf4 Qxa4 27. Qh4+ Kg8 28. Qg4 Rxc1 29. Rxc1 Qb5 30. Rc7 g5 31. Qh5 Re1+ 32. Kh2 1-0

[Event "FIDE World Blitz-ch Women 2018"]
[Site "St. Petersburg"]
[Date "2018.12.29"]
[Round "9.47"]
[White "Berend, Elvira"]
[Black "Tevzadze, Mariam"]
[Result "1/2-1/2"]
[WhiteElo "2332"]
[BlackElo "1967"]
[Annotator "NA"]
[PlyCount "170"]
[EventDate "2018.12.19"]
[EventType "swiss"]
[EventCountry "RUS"]
[SourceTitle "playchess.com"]
[Source "ChessBase"]
[SourceQuality "1"]

1. d4 Nf6 2. Nf3 e6 3. g3 Be7 4. Bg2 d6 5. O-O Nbd7 6. c4 c6 7. Nc3 Qc7 8. b3 O-O 9. Bb2 Rd8 10. e4 e5 11. d5 Nf8 12. Nh4 a6 13. Rc1 c5 14. Nf5 Bxf5 15. exf5 b5 16. cxb5 axb5 17. Nxb5 Qd7 18. a4 Qxf5 19. Qe2 h5 20. f4 e4 21. Bxf6 Bxf6 22. Bxe4 Qh3 23. Bg2 Qf5 24. Qe4 Qg4 25. Bf3 Qh3 26. Bg2 Qg4 27. Qf3 Qf5 28. Rfe1 Ng6 29. Rcd1 c4 30. bxc4 Rxa4 31. Qb3 Raa8 32. Be4 Qg4 33. Qf3 Qxf3 34. Bxf3 h4 35. Re2 Ra4 36. Rc2 Ne7 37. Bg4 hxg3 38. hxg3 g6 39. Kg2 Bg7 40. Re1 Kf8 41. Rce2 Ng8 42. Nxd6 Nf6 43. Nb7 Rb8 44. Nc5 Rxc4 45. Nd7+ Nxd7 46. Bxd7 Bf6 47. Bc6 Rd4 48. Re8+ Rxe8 49. Rxe8+ Kg7 50. Re2 Rd3 51. Rc2 g5 52. fxg5 Be5 53. Re2 Rxg3+ 54. Kf2 Bd6 55. Re8 Rxg5 56. Kf3 Rg1 57. Rd8 Bc5 58. Rc8 Rf1+ 59. Ke2 Rf2+ 60. Kd3 Rf1 61. Bb5 Bd6 62. Rd8 Bc7 63. Rd7 Bb6 64. Bc4 Rd1+ 65. Kc2 Rd4 66. Kc3 Rd1 67. Bb3 Ba5+ 68. Kc2 Rd2+ 69. Kc1 Rd3 70. Bc2 Rd4 71. Bb3 Rd3 72. Kc2 Rd2+ 73. Kb1 Rd3 74. Ka2 Bb4 75. Rb7 Rd2+ 76. Kb1 Ba3 77. Bc2 Rxd5 78. Bb3 Rf5 79. Kc2 Bd6 80. Kd3 Rf6 81. Ke4 Bg3 82. Bd5 Rf4+ 83. Ke3 Rf5 84. Rxf7+ Rxf7 85. Bxf7 Kxf7 1/2-1/2

[Event "FIDE World Blitz-ch Women 2018"]
[Site "St. Petersburg"]
[Date "2018.12.29"]
[Round "9.48"]
[White "Shvayger, Yuliya"]
[Black "Diakonova, Ekaterina"]
[Result "1-0"]
[WhiteElo "2393"]
[BlackElo "2225"]
[Annotator "NA"]
[PlyCount "75"]
[EventDate "2018.12.19"]
[EventType "swiss"]
[EventCountry "RUS"]
[SourceTitle "playchess.com"]
[Source "ChessBase"]
[SourceQuality "1"]

1. e4 c6 2. d4 d5 3. exd5 cxd5 4. c4 Nf6 5. Nc3 g6 6. Qb3 Bg7 7. cxd5 O-O 8. Be2 Na6 9. Bf3 Nc7 10. Nge2 Rb8 11. O-O Bg4 12. Bxg4 Nxg4 13. Bf4 Qd7 14. Qa3 Ra8 15. d6 exd6 16. Qxd6 Qxd6 17. Bxd6 Rfc8 18. Rac1 Ne8 19. Bg3 Rd8 20. d5 Nd6 21. Rfd1 a6 22. b3 Nf6 23. Na4 Rac8 24. Nb6 Rxc1 25. Rxc1 Nde4 26. Bc7 Rf8 27. d6 Bh6 28. Rc4 Nd2 29. Rc1 Re8 30. Re1 Bf4 31. h3 Rf8 32. Nxf4 Nfe4 33. d7 f5 34. d8=Q Rxd8 35. Bxd8 g5 36. Nfd5 Kf7 37. f3 Nd6 38. Bxg5 1-0

[Event "FIDE World Blitz-ch Women 2018"]
[Site "St. Petersburg"]
[Date "2018.12.29"]
[Round "9.49"]
[White "Iljushina, Olga"]
[Black "Sudakova, Irina"]
[Result "1/2-1/2"]
[WhiteElo "2259"]
[BlackElo "2313"]
[Annotator "NA"]
[PlyCount "64"]
[EventDate "2018.12.19"]
[EventType "swiss"]
[EventCountry "RUS"]
[SourceTitle "playchess.com"]
[Source "ChessBase"]
[SourceQuality "1"]

1. d4 d5 2. c4 e6 3. Nc3 c6 4. cxd5 exd5 5. Nf3 Bf5 6. Bf4 Bd6 7. e3 Nf6 8. Bd3 Bxd3 9. Qxd3 O-O 10. Bxd6 Qxd6 11. O-O Nbd7 12. Rab1 Rfe8 13. b4 b5 14. a4 a5 15. axb5 axb4 16. bxc6 Qxc6 17. Nb5 Ra4 18. Rfc1 Qa6 19. Ne5 h6 20. Nc7 Qxd3 21. Nxd3 Rb8 22. Nc5 Nxc5 23. Rxc5 b3 24. Rb5 Rxb5 25. Nxb5 Rb4 26. Nc3 Ne4 27. Nxe4 dxe4 28. Kf1 Rc4 29. Rxb3 Rc1+ 30. Ke2 Rc2+ 31. Ke1 Rc1+ 32. Ke2 Rc2+ 1/2-1/2

[Event "FIDE World Blitz-ch Women 2018"]
[Site "St. Petersburg"]
[Date "2018.12.29"]
[Round "9.50"]
[White "Ovod, Evgenija"]
[Black "Gritsayeva, Oksana"]
[Result "1/2-1/2"]
[WhiteElo "2367"]
[BlackElo "2378"]
[Annotator "NA"]
[PlyCount "120"]
[EventDate "2018.12.19"]
[EventType "swiss"]
[EventCountry "RUS"]
[SourceTitle "playchess.com"]
[Source "ChessBase"]
[SourceQuality "1"]

1. e4 c5 2. c3 d5 3. exd5 Qxd5 4. d4 Nf6 5. Nf3 e6 6. Na3 a6 7. Nc2 cxd4 8. Ncxd4 Nc6 9. Be3 Be7 10. Be2 Nxd4 11. Bxd4 O-O 12. O-O Bd7 13. Ne5 Qd6 14. Bf3 Qc7 15. Qe2 Rac8 16. Rad1 Bb5 17. c4 Bxc4 18. Nxc4 Qxc4 19. Qxc4 Rxc4 20. Bxb7 a5 21. Bc3 Bb4 22. Be5 h6 23. Rc1 Rxc1 24. Rxc1 Rd8 25. Rc8 Rxc8 26. Bxc8 Nd5 27. Kf1 Kf8 28. Ke2 Bc5 29. a3 g6 30. Bb7 Ke7 31. f3 Bb6 32. Kd3 Kd7 33. g4 Ne7 34. Bg7 h5 35. gxh5 gxh5 36. Be5 Bc7 37. Bxc7 Kxc7 38. Ba6 Kb6 39. Bc4 Kc5 40. Ba2 Nc6 41. Kc3 Ne5 42. b4+ axb4+ 43. axb4+ Kb5 44. f4 Ng6 45. f5 exf5 46. Bxf7 Nf4 47. Be8+ Kb6 48. Kd4 h4 49. b5 Ne2+ 50. Ke3 Nc3 51. Kf4 Nxb5 52. Bxb5 Kxb5 53. Kxf5 Kc6 54. Kg5 Kd6 55. Kxh4 Ke7 56. Kg5 Kf8 57. h4 Kg8 58. Kg6 Kh8 59. h5 Kg8 60. h6 Kh8 1/2-1/2

[Event "FIDE World Blitz-ch Women 2018"]
[Site "St. Petersburg"]
[Date "2018.12.29"]
[Round "9.51"]
[White "Styazhkina, Anna"]
[Black "Kirchei, Viktoriia"]
[Result "0-1"]
[WhiteElo "2274"]
[BlackElo "1972"]
[Annotator "NA"]
[PlyCount "60"]
[EventDate "2018.12.19"]
[EventType "swiss"]
[EventCountry "RUS"]
[SourceTitle "playchess.com"]
[Source "ChessBase"]
[SourceQuality "1"]

1. e4 c5 2. Nf3 Nc6 3. d4 cxd4 4. Nxd4 g6 5. c4 Bg7 6. Be3 d6 7. Nc3 Nf6 8. Be2 O-O 9. O-O Bd7 10. Qd2 Nxd4 11. Bxd4 Bc6 12. Bd3 Qa5 13. Rae1 Rfd8 14. b3 e6 15. f4 d5 16. cxd5 exd5 17. e5 Ne8 18. f5 Nc7 19. f6 Bf8 20. e6 Qb4 21. Bb1 Nb5 22. Be5 Qc5+ 23. Kh1 d4 24. Nxb5 Bxb5 25. e7 Bxf1 26. b4 Qd5 27. exd8=Q Rxd8 28. Bc7 Rd7 29. Bg3 Bb5 30. Be4 Qc4 0-1

[Event "FIDE World Blitz-ch Women 2018"]
[Site "St. Petersburg"]
[Date "2018.12.29"]
[Round "9.52"]
[White "Afonasieva, Anna"]
[Black "Arutyunova, Diana"]
[Result "0-1"]
[WhiteElo "2207"]
[BlackElo "2227"]
[Annotator "NA"]
[PlyCount "76"]
[EventDate "2018.12.19"]
[EventType "swiss"]
[EventCountry "RUS"]
[SourceTitle "playchess.com"]
[Source "ChessBase"]
[SourceQuality "1"]

1. d4 e6 2. Nf3 f5 3. c4 Nf6 4. g3 Be7 5. Bg2 O-O 6. O-O d6 7. Nc3 Ne4 8. Qc2 Nxc3 9. Qxc3 a5 10. b3 Bf6 11. Bb2 Nc6 12. Qc2 e5 13. dxe5 dxe5 14. Rad1 Qe8 15. e4 Qh5 16. c5 Kh8 17. Nd2 f4 18. Qc3 Nd4 19. Qd3 Ne2+ 20. Kh1 Rd8 21. Bf3 Rxd3 22. Bxh5 Nc3 23. Bxc3 Rxc3 24. gxf4 exf4 25. Nc4 Be6 26. Rc1 Rh3 27. Be2 f3 28. Bd3 Bg5 29. Rg1 Bf4 30. Rgd1 Rxh2+ 31. Kg1 Rg2+ 32. Kf1 Bh2 33. Ke1 Bg1 34. Kd2 Rxf2+ 35. Kc3 Bh2 36. Rf1 Rxf1 37. Rxf1 Rf8 38. Ne5 Bxe5+ 0-1

[Event "FIDE World Blitz-ch Women 2018"]
[Site "St. Petersburg"]
[Date "2018.12.29"]
[Round "9.53"]
[White "Dumcheva, Julia"]
[Black "Tomilova, Elena"]
[Result "0-1"]
[WhiteElo "2168"]
[BlackElo "2338"]
[Annotator "NA"]
[PlyCount "86"]
[EventDate "2018.12.19"]
[EventType "swiss"]
[EventCountry "RUS"]
[SourceTitle "playchess.com"]
[Source "ChessBase"]
[SourceQuality "1"]

1. e4 e6 2. d4 d5 3. Nc3 Nf6 4. e5 Nfd7 5. Nf3 c5 6. Ne2 cxd4 7. Nexd4 Nc6 8. Nxc6 bxc6 9. Bd3 Be7 10. O-O O-O 11. Re1 c5 12. c3 Bb7 13. Bc2 c4 14. Nd4 Bc5 15. Qh5 g6 16. Qh6 Re8 17. Bg5 Be7 18. Nxe6 fxe6 19. Bxg6 Nf8 20. Bxe8 Bxg5 21. Qh5 Qxe8 22. Qxg5+ Qg6 23. Qh4 Qg7 24. Qd4 Ng6 25. Re3 Rf8 26. Rg3 a5 27. Re1 Kh8 28. Qb6 Qf7 29. f3 a4 30. Qb4 Bc6 31. Rg4 Nf4 32. Qd6 Ba8 33. Re3 Re8 34. g3 Qa7 35. Kf2 Nd3+ 36. Ke2 Qb7 37. Qa3 Rb8 38. Rh4 Qxb2+ 39. Qxb2 Rxb2+ 40. Kf1 Rxa2 41. f4 a3 42. f5 Rf2+ 43. Kg1 a2 0-1

[Event "FIDE World Blitz-ch Women 2018"]
[Site "St. Petersburg"]
[Date "2018.12.29"]
[Round "9.54"]
[White "Komiagina, Maria"]
[Black "Shaydullina, Sandugach"]
[Result "0-1"]
[WhiteElo "2234"]
[BlackElo "2033"]
[Annotator "NA"]
[PlyCount "90"]
[EventDate "2018.12.19"]
[EventType "swiss"]
[EventCountry "RUS"]
[SourceTitle "playchess.com"]
[Source "ChessBase"]
[SourceQuality "1"]

1. e4 c5 2. Nf3 Nc6 3. Bb5 g6 4. Bxc6 dxc6 5. d3 Nh6 6. h3 Bg7 7. Nc3 O-O 8. Be3 f5 9. Qd2 Nf7 10. Bxc5 b6 11. Be3 e5 12. Qe2 f4 13. Bd2 c5 14. O-O-O Be6 15. g3 b5 16. Nxb5 Rb8 17. Nc3 g5 18. b3 Qa5 19. Kb2 c4 20. dxc4 Rfc8 21. Nd5 Qc5 22. Ka1 Bxd5 23. cxd5 a5 24. Rc1 a4 25. Qd3 Rb6 26. b4 Qc4 27. Qxc4 Rxc4 28. Rhe1 h5 29. a3 g4 30. hxg4 hxg4 31. Nh2 Nd6 32. Nxg4 Nxe4 33. Red1 fxg3 34. Ne3 Rd4 35. c4 Nxd2 36. Kb2 gxf2 37. Rxd2 Rxd2+ 38. Kc3 Ra2 39. c5 Rxa3+ 40. Kd2 Rxb4 41. c6 Rb2+ 42. Nc2 Raa2 43. c7 Rxc2+ 44. Rxc2 Rxc2+ 45. Kxc2 f1=Q 0-1

[Event "FIDE World Blitz-ch Women 2018"]
[Site "St. Petersburg"]
[Date "2018.12.29"]
[Round "9.55"]
[White "Fominykh, Maria"]
[Black "Gvanceladze, Anna"]
[Result "1-0"]
[WhiteElo "2259"]
[BlackElo "2264"]
[Annotator "NA"]
[PlyCount "131"]
[EventDate "2018.12.19"]
[EventType "swiss"]
[EventCountry "RUS"]
[SourceTitle "playchess.com"]
[Source "ChessBase"]
[SourceQuality "1"]

1. Nf3 d5 2. b3 Nf6 3. Bb2 Bf5 4. g3 h6 5. Bg2 e6 6. d3 Be7 7. O-O O-O 8. Nbd2 a5 9. a3 c6 10. Re1 Nbd7 11. e4 Bh7 12. Qe2 Nc5 13. Rad1 Qb8 14. Ne5 Re8 15. f4 Na6 16. Kh1 Qc7 17. Ng4 Qd8 18. c4 d4 19. Nxf6+ Bxf6 20. e5 Be7 21. Ne4 Nc5 22. Nxc5 Bxc5 23. Qd2 Qe7 24. Ra1 Red8 25. Be4 Bb6 26. Bxh7+ Kxh7 27. b4 Ra7 28. c5 Bc7 29. Re4 Rd5 30. Rxd4 Qd7 31. Qe3 Ra8 32. Qe4+ Kg8 33. Rxd5 cxd5 34. Qd4 Qb5 35. Kg2 Qa4 36. Qc3 Qc6 37. d4 Qb5 38. Kf3 g6 39. Kf2 Kg7 40. h3 h5 41. Ke3 Bd8 42. Qd3 Qc6 43. b5 Qd7 44. a4 Qe7 45. Rh1 g5 46. Qe2 Kh6 47. g4 h4 48. f5 f6 49. Kd2 exf5 50. gxf5 fxe5 51. Qxe5 Qf6 52. Qxd5 Bc7 53. Qe6 Bf4+ 54. Kd3 Kg7 55. Qxf6+ Kxf6 56. d5+ Kxf5 57. d6 Rd8 58. Kc4 Ke6 59. Re1+ Kd7 60. Re7+ Kc8 61. Re6 b6 62. Be5 Be3 63. c6 Rf8 64. d7+ Kd8 65. Bf6+ Kc7 66. Re8 1-0

[Event "FIDE World Blitz-ch Women 2018"]
[Site "St. Petersburg"]
[Date "2018.12.29"]
[Round "9.56"]
[White "Tomashevskaya, Lidia"]
[Black "Geller, Anastasiya"]
[Result "0-1"]
[WhiteElo "2123"]
[BlackElo "2187"]
[Annotator "NA"]
[PlyCount "85"]
[EventDate "2018.12.19"]
[EventType "swiss"]
[EventCountry "RUS"]
[SourceTitle "playchess.com"]
[Source "ChessBase"]
[SourceQuality "1"]

1. e4 c5 2. Nc3 Nc6 3. g3 g6 4. Bg2 Bg7 5. d3 e6 6. Be3 b6 7. Nge2 Bb7 8. O-O Nge7 9. d4 d6 10. d5 exd5 11. exd5 Ne5 12. f4 Ng4 13. Bc1 Nf5 14. Qd3 O-O 15. h3 Nf6 16. g4 Nd4 17. Nxd4 cxd4 18. Nb5 Bxd5 19. Nxd4 Bxg2 20. Kxg2 d5 21. c3 Re8 22. Nf3 Ne4 23. Be3 Nc5 24. Qd2 Qc7 25. Bd4 Ne4 26. Qc1 Bxd4 27. Nxd4 Qc4 28. Qc2 Nf6 29. Rf2 Re3 30. f5 g5 31. Raf1 Rae8 32. Rf3 Re2+ 33. Nxe2 Rxe2+ 34. Qxe2 Qxe2+ 35. R1f2 Qe4 36. Kg1 h5 37. gxh5 Nxh5 38. f6 Nf4 39. Kh2 Qe5 40. Kh1 Qxf6 41. Rg3 Qe5 42. h4 f6 43. Rf1 0-1

[Event "FIDE World Blitz-ch Women 2018"]
[Site "St. Petersburg"]
[Date "2018.12.29"]
[Round "9.57"]
[White "Sviridova, Vlada"]
[Black "Utiatskaja Irina (RUS)"]
[Result "1-0"]
[WhiteElo "2144"]
[BlackElo "1918"]
[Annotator "NA"]
[PlyCount "93"]
[EventDate "2018.12.19"]
[EventType "swiss"]
[EventCountry "RUS"]
[SourceTitle "playchess.com"]
[Source "ChessBase"]
[SourceQuality "1"]

1. d4 Nf6 2. c4 g6 3. Nc3 Bg7 4. e4 d6 5. Nf3 O-O 6. Be2 Na6 7. O-O e5 8. Be3 h6 9. dxe5 Ng4 10. Bd2 Nxe5 11. Nxe5 dxe5 12. Qc1 Kh7 13. Be3 c6 14. c5 Be6 15. a3 f5 16. f3 f4 17. Bf2 g5 18. b4 Nc7 19. g4 fxg3 20. hxg3 Qe7 21. Kg2 Bf7 22. Be3 Ne6 23. Rh1 Kg8 24. Rb1 Nd4 25. Bxd4 exd4 26. Nd1 g4 27. Nf2 gxf3+ 28. Bxf3 Bg6 29. Qc4+ Kh7 30. Rbe1 Qf6 31. Qe2 Rad8 32. Nd3 Qe6 33. e5 Rxf3 34. Qxf3 Rf8 35. Nf4 Qa2+ 36. Re2 Qc4 37. e6 d3 38. Re3 d2 39. e7 Re8 40. Nxg6 Kxg6 41. Qh5+ Kh7 42. Qxe8 Qd5+ 43. Rf3 d1=Q 44. Rxd1 Qxd1 45. Qf7 Qe2+ 46. Rf2 Qe4+ 47. Kh2 1-0

[Event "FIDE World Blitz-ch Women 2018"]
[Site "St. Petersburg"]
[Date "2018.12.29"]
[Round "9.58"]
[White "Bogumil, Tatiana"]
[Black "Smirnova, Ekaterina"]
[Result "0-1"]
[WhiteElo "2114"]
[BlackElo "2192"]
[Annotator "NA"]
[PlyCount "107"]
[EventDate "2018.12.19"]
[EventType "swiss"]
[EventCountry "RUS"]
[SourceTitle "playchess.com"]
[Source "ChessBase"]
[SourceQuality "1"]

1. Nf3 d5 2. c4 c6 3. b3 Nf6 4. Bb2 Bg4 5. Ne5 Bf5 6. g3 e6 7. Bg2 Nbd7 8. Nf3 Bd6 9. d4 O-O 10. O-O h6 11. Nc3 Ne4 12. Nd2 Nxc3 13. Bxc3 Nf6 14. Nf3 Ne4 15. Bb2 a5 16. Ne5 f6 17. Nd3 Be7 18. Rc1 a4 19. f3 Nd6 20. c5 Ne8 21. e4 Bg6 22. Nf4 Bf7 23. b4 Nc7 24. a3 Qd7 25. Qe2 Nb5 26. Rcd1 Rfd8 27. Rfe1 dxe4 28. fxe4 Qc7 29. d5 e5 30. d6 Bxd6 31. cxd6 Qb6+ 32. Kh1 exf4 33. gxf4 Nxd6 34. Bd4 Qb5 35. Qf2 Nc4 36. Qg3 Kh8 37. h4 Bh5 38. Rd3 Rd7 39. Bc5 Rxd3 40. Qxd3 Nb2 41. Qg3 Qd3 42. Re3 Qd1+ 43. Kh2 Nc4 44. Rd3 Qg4 45. Qxg4 Bxg4 46. Kg3 Be6 47. Rd4 Nxa3 48. Rd6 Bg8 49. Rd7 Nb5 50. Rxb7 a3 51. e5 fxe5 52. fxe5 a2 53. e6 a1=Q 54. Be3 0-1

[Event "FIDE World Blitz-ch Women 2018"]
[Site "St. Petersburg"]
[Date "2018.12.29"]
[Round "9.59"]
[White "Maroroa, Sue"]
[Black "Doan, Thi Van Anh"]
[Result "1-0"]
[WhiteElo "2120"]
[BlackElo "1950"]
[Annotator "NA"]
[PlyCount "107"]
[EventDate "2018.12.19"]
[EventType "swiss"]
[EventCountry "RUS"]
[SourceTitle "playchess.com"]
[Source "ChessBase"]
[SourceQuality "1"]

1. e4 d5 2. exd5 Qxd5 3. Nc3 Qa5 4. d4 c6 5. Bc4 Nf6 6. Nf3 Bf5 7. O-O e6 8. h3 Be7 9. Nh4 Bg6 10. Nxg6 hxg6 11. Qf3 Nbd7 12. a3 Nb6 13. Bd3 Rd8 14. Be3 Nbd5 15. Bd2 Qb6 16. Nxd5 cxd5 17. Bc3 O-O 18. Rfe1 Bd6 19. h4 Bb8 20. g3 Rfe8 21. Kg2 Nh5 22. Re3 Bd6 23. Re2 Qc7 24. Rae1 Bxa3 25. Re5 Bd6 26. Rxh5 gxh5 27. Qxh5 g6 28. Qg4 Bf8 29. h5 f5 30. Qxg6+ Qg7 31. Rxe6 Qxg6 32. Rxg6+ Kf7 33. Bxf5 Re2 34. Bd3 Re6 35. Rg5 Bh6 36. Bg6+ Kf6 37. Rf5+ Kg7 38. Rf7+ Kg8 39. Rxb7 Rf8 40. f4 Bg7 41. Kf3 Kh8 42. Bb4 Rd8 43. Bc5 a6 44. g4 Rc8 45. g5 Rd8 46. f5 Re1 47. h6 Bxh6 48. Rh7+ Kg8 49. Rxh6 Rf1+ 50. Kg4 Rg1+ 51. Kf4 Rf1+ 52. Ke5 Re1+ 53. Kf6 Rc8 54. Bf7# 1-0

[Event "FIDE World Blitz-ch Women 2018"]
[Site "St. Petersburg"]
[Date "2018.12.29"]
[Round "9.60"]
[White "Kosteniuk, Oksana"]
[Black "Bulatova, Kamaliya"]
[Result "0-1"]
[WhiteElo "2096"]
[BlackElo "2007"]
[Annotator "NA"]
[PlyCount "131"]
[EventDate "2018.12.19"]
[EventType "swiss"]
[EventCountry "RUS"]
[SourceTitle "playchess.com"]
[Source "ChessBase"]
[SourceQuality "1"]

1. Nf3 Nf6 2. g3 d5 3. Bg2 c5 4. d3 e6 5. b3 g6 6. Bb2 Bg7 7. Nbd2 O-O 8. O-O Nc6 9. Qc1 d4 10. c3 Re8 11. cxd4 cxd4 12. Nc4 e5 13. Nfd2 Bg4 14. Re1 Qd7 15. Ne4 Nxe4 16. Bxe4 Rac8 17. Qd2 b5 18. Na3 a6 19. Rac1 Bf8 20. Qg5 Bh3 21. Qf6 Re6 22. Qf3 Nb4 23. Rxc8 Qxc8 24. Rc1 Qd8 25. Nc2 Rf6 26. Qh1 Bh6 27. Nxb4 Bxc1 28. Bxc1 Qe7 29. Nd5 Qc5 30. Nxf6+ Kg7 31. Ne8+ Kf8 32. Bh6+ Kxe8 33. Bc6+ Ke7 34. Qd5 Qxd5 35. Bxd5 f6 36. f4 Bg4 37. Kf2 exf4 38. Bxf4 Bd7 39. Bb7 a5 40. Bc7 a4 41. bxa4 bxa4 42. Bd5 h5 43. h4 Bb5 44. e4 Kd7 45. Ba5 Bxd3 46. Bb4 Bb1 47. Kf3 f5 48. exf5 Bxf5 49. Bc4 Kc6 50. Bf8 Bb1 51. Bg7 d3 52. Ke3 Kc5 53. Bf8+ Kxc4 54. Bg7 Bxa2 55. Ba1 Bb3 56. Kd2 a3 57. Bf6 a2 58. Ba1 Bc2 59. Ke3 Kd5 60. Bc3 Ke6 61. Ba1 Kf5 62. Kd2 Kg4 63. Be5 Kf3 64. Ke1 Ke3 65. Ba1 d2+ 66. Kf1 0-1

[Event "FIDE World Blitz-ch Women 2018"]
[Site "St. Petersburg"]
[Date "2018.12.29"]
[Round "9.61"]
[White "Stetsko, Lanita"]
[Black "Makarenko, Alexandra"]
[Result "0-1"]
[WhiteElo "2194"]
[BlackElo "2228"]
[Annotator "NA"]
[PlyCount "106"]
[EventDate "2018.12.19"]
[EventType "swiss"]
[EventCountry "RUS"]
[SourceTitle "playchess.com"]
[Source "ChessBase"]
[SourceQuality "1"]

1. e4 e5 2. Nf3 Nc6 3. Bb5 a6 4. Ba4 Nf6 5. O-O b5 6. Bb3 Be7 7. Re1 O-O 8. a4 Bb7 9. d3 d6 10. Nc3 b4 11. Nd5 Na5 12. Nxe7+ Qxe7 13. Ba2 b3 14. Bxb3 Nxb3 15. cxb3 c5 16. Bd2 a5 17. Bc3 Rfb8 18. Nd2 Ba6 19. Nc4 Bxc4 20. bxc4 Qd8 21. Qd2 Nd7 22. f4 f6 23. fxe5 dxe5 24. Re3 Nf8 25. Rf3 Ne6 26. g3 Rb7 27. Raf1 Nd4 28. R3f2 Nc6 29. Rf3 Rd7 30. Qg2 Nd4 31. Re3 Ra6 32. Qh3 Rad6 33. Bxd4 cxd4 34. Re2 Qc7 35. g4 h6 36. Qh5 Rd8 37. Qf5 Rb8 38. h4 Qd7 39. Qxd7 Rxd7 40. g5 hxg5 41. hxg5 Kf7 42. gxf6 gxf6 43. Ref2 Rd6 44. Rh2 Rb3 45. Rf3 Rdb6 46. Rh7+ Kg6 47. Rfh3 Rxb2 48. R3h6+ Kg5 49. Rh5+ Kf4 50. Rh4+ Ke3 51. Rh3+ Kd2 52. Rg7 Kc3 53. Rgg3 Rd2 0-1